000 01786nam0a22003611 4500
001 RU\NLR\INFOCOMM_161\5000034851
005 20250613091248.0
035 _a(NLR Aleph) 009098591
090 _a8086968
_c8086968
100 _a20090111d1991 |||y0rusy50 ca
101 0 _aeng
_drus
102 _aRU
105 _aa ||||000|y
200 1 _aMeasurements of the spatial-angular coordinates of the particle tracks in nuclear emulsion by means of the Fourier transform microscope
_fYu. A. Batusov, L. M. Soroko, V. V. Tereshchenko
210 _aДубна
_cОбъед. ин-т ядер. исслед.
_d1991
215 _a8 с.
_cил.
_d21 см
225 1 _aСообщения Объединенного института ядерных исследований, Дубна
_vЕ13-91-486
300 _aНа 3-й с. обл.: Измерение пространственно-угловых координат следов частиц в ядерной фотоэмульсии при помощи Фурье-микроскопа / Батусов Ю. А., Сороко Л. М., Терещенко В. В.
300 _aРез. на рус. яз.
320 _aБиблиогр.: с. 8
606 _aКамеры для ядерных исследований, эмульсионные
_xТреки частиц
_2nlr_sh1
686 _aВ381.56
_2rubbk
700 1 _9z06790
_aBatusov
_bJ. A.
_gJurij Aleksandrovič
_4070
701 1 _9z07790
_aSoroko
_bL. M.
_gLev Marković
_4070
701 1 _9z08790
_aTereščenko
_bV. V.
_4070
790 1 _9z06700
_aBatusov
_bYu. A.
_4070
790 1 _9z07701
_aSoroko
_bL. M.
_4070
790 1 _9z08701
_aTereshchenko
_bV. V.
_4070
801 1 _aRU
_bNLR
_c20090111
801 0 _aRU
_bNLR
_gPSBO
852 _aNLR
_jФз01 Д-4/6698
942 _cBOOK
980 _aNB